000
00267nam a2200121Ia 4500
008
190216s9999||||xx |||||||||||||| ||und||
100
_a
Singh Jagjit
245
0
_a
Systematic Botany
260
_b
S Chand & Co
_c
1967
300
_a
328p
650
_a
Botany
942
_c
BK
999
_c
1114
_d
1114